الحاسة السادسة : (رقم التسجيلة. 128188)

تفاصيل مارك
000 -الفاتح
عناصر البيانات ثابتة الطول 00806cam a2200217 i 4500
005 - تاريخ ووقت آخر معاملة
حقل ضبط 20251108175202.0
008 - عناصر البيانات ثابتة الطول
عناصر البيانات ثابتة الطول 250721s2014 jp gr 000 0 ara d
020 ## - الترقيم الدولي المعياري للكتب (ردمك)
الترقيم الدولي المعياري للكتب (ردمك) 9789957742485
082 14 - رقم تصنيف ديوي العشري
رقم التصنيف 133
رقم المادة ح ج ا
100 1# - مدخل رئيسي – اسم شخصي
الاسم الشخصي حجازي، احمد توفيق
علاقة الشخص بالعمل/ دوره مؤلف.
245 10 - بيان العنوان
العنوان الحاسة السادسة :
بقية العنوان رحلة في عمق وعينا الكوني /
بيان المسؤولية الصيدلاني الدكتور أحمد توفيق حجازي.
246 11 - الأشكال المختلفة للعنوان
العنوان الفعلي/العنوان المختصر the sixth sense E . S . P.
250 ## - بيان الطبعة
بيان الطبعة الطبعة الاولى.
264 1# - بيانات النشر، التوزيع…إلخ
مكان النشر، التوزيع...إلخ عمان :
اسم الناشر، الموزع...إلخ دار كنوز المعرفة العلمية للنشر و التوزيع،
تاريخ النشر، التوزيع...إلخ 2013.
300 ## - الوصف المادي
عدد الوحدات المكونة للوعاء 191صفحة.
650 17 - مدخل إضافي بالموضوع - مصطلح موضوعي
مصطلح موضوعي أو اسم جغرافي كعنصر مدخل علم النفس.
650 17 - مدخل إضافي بالموضوع - مصطلح موضوعي
مصطلح موضوعي أو اسم جغرافي كعنصر مدخل الخيال.
650 17 - مدخل إضافي بالموضوع - مصطلح موضوعي
مصطلح موضوعي أو اسم جغرافي كعنصر مدخل الحدس.
942 ## - بيانات إضافية (كوها)
نوع التنصيف Dewey Decimal Classification
نوع المادة (كوها) كتب
المقتنيات
حالة السحب حالة الفقدان مصدر التصنيف حالة التلف غير قابل للإعارة المكتبة الرئيسية المكتبة الحالية موقع الرف تاريخ التزويد الرقم المتسلسل Total Checkouts رقم الإستدعاء الباركود تاريخ آخر ظهور تاريخ الفاتورة نوع المادة (كوها)
    Dewey Decimal Classification     المكتبة المركزية المكتبة المركزية الإعارة 28/07/2025 1566010   133 / ح ج ا PLD00291742 28/07/2025 28/07/2025 كتب
    Dewey Decimal Classification     مكتبة أبو علندا العامة مكتبة أبو علندا العامة الإعارة 08/01/2014 1566019   133/حجا PLD00291863 28/07/2025 08/01/2014 كتب
    Dewey Decimal Classification     مكتبة أم قصير والمقابلين العامة مكتبة أم قصير والمقابلين العامة الإعارة 08/01/2014 1566016   133/حجا PLD00291860 28/07/2025 08/01/2014 كتب
    Dewey Decimal Classification     مكتبة الاميرة بديعة مكتبة الاميرة بديعة الإعارة 08/01/2014 1566012   133/حجا PLD00291856 28/07/2025 08/01/2014 كتب
    Dewey Decimal Classification     مكتبة الجويدة مكتبة الجويدة الإعارة 08/01/2014 1566014   133/حجا PLD00291858 28/07/2025 08/01/2014 كتب
    Dewey Decimal Classification     مكتبة النصر العامة مكتبة النصر العامة الإعارة 08/01/2014 1566013   133/حجا PLD00291857 28/07/2025 08/01/2014 كتب
    Dewey Decimal Classification     مكتبة حمزة العامة مكتبة حمزة العامة الإعارة 08/01/2014 1566017   133/حجا PLD00291861 28/07/2025 08/01/2014 كتب
    Dewey Decimal Classification     مكتبة وادي السير العامة مكتبة وادي السير العامة الإعارة 08/01/2014 1566018   133/حجا PLD00291862 28/07/2025 08/01/2014 كتب
    Dewey Decimal Classification     مكتبةمؤتة مكتبةمؤتة الإعارة 08/01/2014 1566015   133/حجا PLD00291859 28/07/2025 08/01/2014 كتب
Implemented & Customized by: BBB with SCIT (Smart Chains for Information Technology)

Powered by Koha